Ładuje się......
Bharathiya rangamanj /
| 1. autor: | |
|---|---|
| Język: | Undetermined |
| Wydane: |
New Delhi :
National Book Trust ,
1971.
|
| Seria: | Bharath desh our lok
|
| LEADER | 00475nam a2200145Ia 4500 | ||
|---|---|---|---|
| 001 | 35903 | ||
| 008 | 170722s9999 xx 000 0 und d | ||
| 100 | |a Rangacharya, Adya | ||
| 245 | |a Bharathiya rangamanj / | ||
| 260 | |a New Delhi : |b National Book Trust , |c 1971. | ||
| 300 | |a 6+169 | ||
| 490 | |a Bharath desh our lok | ||
| 942 | |c GEN | ||
| 999 | |c 87903 |d 87903 | ||
| 952 | |0 0 |1 0 |4 0 |6 NT_2_000000000000000_152L1 |7 0 |9 122914 |a LIB |b LIB |d 2017-08-12 |o NT2 152L1 |p 158039 |r 2017-08-12 |v 6.00 |w 2017-08-12 |y GEN | ||